| 000 | 00644nam a22001697a 4500 | ||
|---|---|---|---|
| 999 |
_c14966 _d14966 |
||
| 008 | 200203b ||||| |||| 00| 0 eng d | ||
| 082 |
_22013 _aUT 1451 _bOl47 |
||
| 100 |
_aOliverio, Clydee Keen _941553 |
||
| 245 |
_aStatistical and Emotional Crime Committed by the Minors in Digos City/ _cClydee Keen Oliverio, Nova Marie Zamora & Lindon Borcelas |
||
| 260 |
_aDigos city _bUMDC _cMarch 2013 |
||
| 300 |
_a38 pages _c30 cm |
||
| 650 |
_aCriminal Justice _vCriminology _xUndergraduate Thesis _936874 |
||
| 700 |
_aOliverio, Clydee Keen _941553 |
||
| 700 |
_aZamora, Nova Marie _941554 |
||
| 700 |
_aBorcelas, Lindon _941555 |
||
| 942 |
_2ddc _cUT |
||